000 02271nam a2200421 c 4500
003 BLK
005 20200224172620.0
008 180411b bul|||||r ||||||| ||bul||
010 _aKNG00184406000
020 _a978-954-9412-44-4
_bиздат.: Бит и техника
040 _aBLK
041 _aBUL
_cBUL
072 7 _2bullib
_aН372
_xУчебни предмети. Учебници Н
080 _aСпециално обучение като елемент на общообразователното обучение - Обучение по техника, домакинство, селско стопанство и др.
_b373.6
_x(075.2)
_z373.6(075.2)
100 1 _aНиколова, Тодорка Николова
_eпърви автор
_9364727
700 1 _aРухов, Живко Иванов
_eхудож.
_9117895
700 1 _aГърневска, Силвия Маркова
_e*
_9303701
700 1 _aАнаниева, Светла Костова
_e*
_9373498
700 1 _aАнаниев, Валентин Георгиев
_e*
_9373497
139 _aДомашен бит и техника за ІІІ клас
_bД 76
245 1 0 _aДомашен бит и техника за ІІІ клас
_cТодорка Николова Николова; худож. Живко Иванов Рухов; * Силвия Маркова Гърневска; * Светла Костова Ананиева; * Валентин Георгиев Ананиев.
250 _a3. изд.
257 _aBGR
260 Варна
_bБит и техника
_c2014
300 _a40 с.
_bс цв. ил.
_c29 см
380 _a3
500 _aВ кн. погрешно означено 2. изд. - 1. изд. 2004. - Други авт. С. М. Гърневска, Св. К. Ананиева, В. Г. Ананиев.
650 4 _aТрудово обучение - учебници за основни училища
_9246771
653 _aтрудово обучение
653 _aІІІ кл.
653 _aучебници за основни училища
659 _aН
852 _aЦб ІІ 21054
856 4 _qpdf
_u
856 4 _qpdf
_u
942 _cKNG
_n0
_03
944 _aCR
_c02.11.2015
_lф /
_kВиолета_Тройчева
944 _aED
_c25.11.2015
_lф /
_kЛюдмила_Стоянова
999 _c175808
_d175808